00333nam a2200097Ia 4500008004100000041000800041100003000049245010600079260003100185999001900216241105s9999 xx 000 0 und d aeng aSatpathy Shivani.9183992 aUrban Landscape Linkages And Transit Oriented Development In Pune Bund Garden To Mangalwar Peth (Rto) bBNCA M Arch LA, Punec2019 c361899d361899